FMA brotherhood characters Quiz Stats

 Plays Quiz not verified by Sporcle

Score 0/51 Timer 08:00
1 Play Today
Hint Character % Correct
Wants money, sex, women, immortality, etc.Greed
83.1%
The pipsqueakEdward Elric
82.3%
Useless when wet...Roy Mustang
81.4%
Homunculus leaderFather
79.7%
Hates State AlchemistsScar
79.1%
The Xingese princeLing Yao
79.1%
eats pretty much anythingGluttony
78.8%
Obsessed over daughter and wifeMaes Hughes
77.6%
Controls the ShadowsPride
76.7%
The fuhrer's sinWrath
75.9%
The main characters' momTrisha Elric
75.9%
Trapped in a suit of armorAlphonse Elric
75%
The believer trying to get her boyfriend backRose
74.7%
The main characters' teacherIzumi Curtis
72.4%
Constant SmokerJean Havoc
70.9%
Has many facesEnvy
70.6%
The obsessive butcherBarry the Chopper
70.6%
The panda (and Alphonse) loving girlMay Chang
70.1%
Framed for murderMaria Ross
68.6%
the crazy gearheadWinry Rockbell
67.2%
chimera makerShou Tucker
66.9%
stronger than Alex/ the oldest daughterOlivier Mira Armstrong
64.8%
The ultimate spearLust
64%
thinks working is a botherSloth
62.2%
GunRiza Hawkeye
60.2%
The tiny mechanicPinako Rockbell
58.1%
Hint Character % Correct
Passed down from generation to generationAlex Louis Armstrong
55.8%
The girl bodyguardLan fan
50.3%
Makes the perfect bombsSolf J. Kimblee
48%
The sewing life alchemist's daughterNina
47.4%
The human philosopher stoneVan Hohenhiem
45.6%
The alchemist who makes philosopher's stonesDoctor Marcoh
45.1%
The Hawk's eye's dogBlack Hayate
44.5%
Pride's human nameSelim Bradley
44.2%
The male bodyguardFu
43%
their teacher's husbandSig Curtis
40.1%
The flame alchemist's foster motherMadame Christmas
39.8%
The Ishvalan in the northMajor Miles
39.5%
The man in the north with the cool automailBuccaneer
39.5%
The false priestFather Cornello
39.2%
The snake chimeraMartel
37.5%
The lion ChimeraHeinkel
34%
The gorilla chimeraDarius
34%
The gearhead's dogDen
32%
Riza's friend from the east/ in search of a husbandRebecca Catalina
30.5%
The pig chimeraZampano
28.5%
The doctor who saves May and Lan FanDr. Knox
26.7%
The toad chimeraJerso
24.7%
The youngest Armstrong daughterKatherine
16.6%
The dog chimeraDorchet
8.1%
The cow chimeraLao
7%

You're not logged in!

Compare scores with friends on all Sporcle quizzes.
OR
Log In

Show Comments

Extras

Top Quizzes Today


Score Distribution

Your Account Isn't Verified!

In order to create a playlist on Sporcle, you need to verify the email address you used during registration. Go to your Sporcle Settings to finish the process.

Report this User

Report this user for behavior that violates our Community Guidelines.

Details: